The splendid century /
محفوظ في:
| المؤلف الرئيسي: | |
|---|---|
| التنسيق: | كتاب |
| اللغة: | الإنجليزية |
| منشور في: |
New York :
Morrow,
1953.
|
| الموضوعات: | |
| الوسوم: |
لا توجد وسوم, كن أول من يضع وسما على هذه التسجيلة!
|
MARC
| LEADER | 00000cam a22000002a 4500 | ||
|---|---|---|---|
| 001 | 0000016319 | ||
| 003 | DAYSTAR | ||
| 005 | 20171002014956.0 | ||
| 008 | 030703s1953 nyu 001 0 eng d | ||
| 020 | |a 0688060099 | ||
| 040 | |a Daystar |d Mnakali | ||
| 050 | 1 | |a DC 128 |b .L49 | |
| 100 | 1 | |a Lewis, W.H. | |
| 245 | 1 | 4 | |a The splendid century / |c W.H. Lewis. |
| 260 | |a New York : |b Morrow, |c 1953. | ||
| 300 | |a 306 p. | ||
| 504 | |a Inludes bibliograhpical references and index. | ||
| 650 | 0 | |a France. |x Social life and customs. | |
| 908 | |a 060412 | ||
| 942 | |c G | ||
| 952 | |0 0 |1 0 |4 0 |6 DC_128_000000000000000_L49 |7 0 |9 9353 |a DUA |b DUA |c GC |d 2017-09-28 |l 0 |o DC 128.L49 |p BK008309 |r 2017-09-28 00:00:00 |w 2017-09-28 |x 60841 |y G | ||
| 999 | |c 6166 |d 6166 | ||